01774nam a2200361Ia 4500001000900000003000500009005001700014008004100031010001100072040000900083082002600092245015900118260008800277300001100365503000700376590002400383650005300407650005100460650006200511650006000573700004400633700004600677901002600723902000600749905006300755942001500818999001900833952011200852952011200964952011201076952011201188952011201300dia_6129CHAP20251023151521.0220117s[201 xx 000 0 und d a177358 cCHAP a630.710711 P65 [201?] aPolvos de aquellos lodos : la vida de Chapingo a finales de 1970 y principios de 1980 /c coordinación Armando Ramírez Arias y Jorge Quiroz Márquez aMéxico :b Fundación Universidad Autónoma Chapingo :,b Máskapital,c[201 a216 p. aD. aS539.M6 P65 [2019?] aAgricultural collegesxMexicoxHistory 9160995 aCollege studentesxPersonal narratives9160996 aEstudiantes universitariosx Relatos personales 9160997 aUniversidades agrícolasxMéxicoxHistoria 9160998 aQuiroz Márquez, Jorge, coord.9160999 aRamírez Arias, Armando, coord. 9161000 a630.710711 P65 [201?] aM a523227[201?] mx na 8223123322spa16 cLIBRO2ddc c177358d177358 00102ddc40708GRALaIA_bIA_c1d2022-01-18f1l0pdia_009906r2022-01-18 00:00:00t5w2022-01-18yLIBRO 00102ddc40708GRALaIA_bIA_c1d2022-01-18f1l0pdia_009902r2022-01-18 00:00:00t1w2022-01-18yLIBRO 00102ddc40708GRALaIA_bIA_c1d2022-01-18f1l0pdia_009903r2022-01-18 00:00:00t2w2022-01-18yLIBRO 00102ddc40708GRALaIA_bIA_c1d2022-01-18f1l0pdia_009904r2022-01-18 00:00:00t3w2022-01-18yLIBRO 00102ddc40708GRALaIA_bIA_c1d2022-01-18f1l0pdia_009905r2022-01-18 00:00:00t4w2022-01-18yLIBRO